Fundamentals of Engineering Thermodynamics (Record no. 565979)
[ view plain ]
| 000 -LEADER | |
|---|---|
| fixed length control field | 00330nam a2200097Ia 4500 |
| 008 - FIXED-LENGTH DATA ELEMENTS--GENERAL INFORMATION | |
| fixed length control field | 210430s9999 xx 000 0 und d |
| 082 ## - DEWEY DECIMAL CLASSIFICATION NUMBER | |
| Classification number | 621.4021 M8271 F |
| 100 ## - MAIN ENTRY--PERSONAL NAME | |
| Personal name | By Michael J. Moran / Howard N. Shapiro |
| 9 (RLIN) | 53659 |
| 245 ## - TITLE STATEMENT | |
| Title | Fundamentals of Engineering Thermodynamics |
| Statement of responsibility, etc. | By Michael J. Moran / Howard N. Shapiro |
| 942 ## - ADDED ENTRY ELEMENTS (KOHA) | |
| Koha item type | Book |
| Source of classification or shelving scheme | |
| Withdrawn status | Lost status | Damaged status | Not for loan | Permanent Location | Current Location | Shelving location | Date acquired | Total Checkouts | Total Renewals | Full call number | Barcode | Date last seen | Date last checked out | Price effective from | Koha item type |
|---|---|---|---|---|---|---|---|---|---|---|---|---|---|---|---|
| School of Chemical & Materials Engineering (SCME) | School of Chemical & Materials Engineering (SCME) | Book Cart | 4 | 3 | 621.4021 M8271 F | SCME- D220 | 01/29/2025 | 09/24/2024 | 04/30/2021 | Book |
